The Orissa factories manual, 1960; (Record no. 67024)

MARC details
000 -LEADER
fixed length control field 00636cam a22002171 4500
001 - CONTROL NUMBER
control field sa 66000075
003 - CONTROL NUMBER IDENTIFIER
control field DLC
005 - DATE AND TIME OF LATEST TRANSACTION
control field 20260227112212.0
008 - FIXED-LENGTH DATA ELEMENTS--GENERAL INFORMATION
fixed length control field 861024s1964 ii 000 0 eng
010 ## - LIBRARY OF CONGRESS CONTROL NUMBER
LC control number sa 66000075
025 ## - OVERSEAS ACQUISITION NUMBER
Overseas acquisition number PL480:I-E-4735
035 ## - SYSTEM CONTROL NUMBER
System control number (OCoLC)14513229
040 ## - CATALOGING SOURCE
Original cataloging agency DLC
Transcribing agency WaU
Modifying agency DLC
042 ## - AUTHENTICATION CODE
Authentication code premarc
050 00 - LIBRARY OF CONGRESS CALL NUMBER
Classification number KNU4640.A311948
Item number A4 1964
110 1# - MAIN ENTRY--CORPORATE NAME
Corporate name or jurisdiction name as entry element Orissa, India.
Subordinate unit Labour Department.
245 14 - TITLE STATEMENT
Title The Orissa factories manual, 1960;
Remainder of title (as amended up to the 1st September 1960)
260 ## - PUBLICATION, DISTRIBUTION, ETC.
Place of publication, distribution, etc. [Orissa,
Date of publication, distribution, etc. 1964]
300 ## - PHYSICAL DESCRIPTION
Extent vi, 213 p.
Dimensions 25 cm.
650 #0 - SUBJECT ADDED ENTRY--TOPICAL TERM
Topical term or geographic name entry element Labor laws and legislation
Geographic subdivision India
-- Orissa.

No items available.

Powered by Koha